Statistiken für Die Meisten Zerstreuten Inselstaaten

Klicken Sie hier um das Quiz zu spielen!

Allgemein

  • Dieses Quiz wurde 198 mal gespielt
  • Das Durchschnittsergebnis liegt bei 10 aus 13

Antwortstatistiken

%Land% Korrekt
53,3Indonesien
85%
63,4Mikronesien
79%
8,6Kiribati
78%
60,6Philippinen
78%
33,3Salomonen
77%
36,4Tuvalu
77%
4,1Malediven
75%
17,7Marshallinseln
75%
36,2Bahamas
73%
49,2Vanuatu
73%
43,3Seychellen
69%
48,2Tonga
66%
43,9Cabo Verde
57%

Verteilung der Resultate

Perzentil nach korrekt beantworteten Fragen

Anzahl Personen mit jedem Resultat

Ihre Resultats-Entwicklung

Sie haben dieses Quiz noch nicht gespielt